| Tag |
First Indicator |
Second Indicator |
Subfields |
| LEADER |
00000cam a2200000I 4500 |
| 001 |
in00002358905 |
| 005 |
20151108081925.0 |
| 008 |
080125s2007 enka b 001 0 eng d |
| 020 |
|
|
|a 1850660476
|
| 020 |
|
|
|a 9781850660477
|
| 035 |
|
|
|a (OCoLC)ocn191244893
|
| 035 |
|
|
|a (OCoLC)191244893
|
| 040 |
|
|
|a YDXCP
|c YDXCP
|d EUW
|d UtOrBLW
|
| 049 |
|
|
|a TXAM
|
| 090 |
|
|
|a HB3585
|b .R39 2007
|
| 100 |
1 |
|
|a Razzell, P. E.
|
| 245 |
1 |
0 |
|a Population and disease :
|b transforming English society, 1550-1850 /
|c Peter Razzell.
|
| 264 |
|
1 |
|a London :
|b Caliban,
|c 2007.
|
| 300 |
|
|
|a xviii, 314 pages :
|b illustrations ;
|c 24 cm.
|
| 336 |
|
|
|a text
|b txt
|2 rdacontent
|
| 337 |
|
|
|a unmediated
|b n
|2 rdamedia
|
| 338 |
|
|
|a volume
|b nc
|2 rdacarrier
|
| 504 |
|
|
|a Includes bibliographical references and indexes.
|
| 650 |
|
0 |
|a Demography.
|
| 650 |
|
0 |
|a Population
|x History.
|
| 650 |
|
2 |
|a Socioeconomic Factors.
|
| 650 |
|
2 |
|a Mortality
|x history.
|
| 650 |
|
2 |
|a Mortality
|x trends.
|
| 651 |
|
0 |
|a England.
|
| 938 |
|
|
|a YBP Library Services
|b YANK
|n 100483401
|
| 945 |
|
|
|a PromptCat
|b 207805
|
| 946 |
|
|
|a stk
|
| 947 |
|
|
|a A14835724505
|
| 994 |
|
|
|a C0
|b TXA
|
| 948 |
|
|
|a cataloged
|b h
|c 2008/2/26
|d c
|e jlanham
|f 9:08:33 am
|
| 999 |
|
|
|a MARS
|
| 999 |
f |
f |
|s 91a9e4dc-7262-3d72-b611-221e07dd82c4
|i fc103719-631e-3a98-a1e3-976555670332
|t 0
|
| 952 |
f |
f |
|p ric
|a Texas A&M University
|b Rellis Campus
|c Joint Library Facility
|d Remote Storage
|t 0
|e HB3585 .R39 2007
|h Library of Congress classification
|i unmediated -- volume
|m A14835724505
|
| 998 |
f |
f |
|a HB3585 .R39 2007
|t 0
|l Remote Storage
|